000 00765nam a2200229Ia 4500
003 OSt
005 20220923212147.0
006 a|||||r|||| 00| 0
007 ta
008 220922b |||||||| |||| 00| 0 hin d
024 _a151,249
037 _cTextual
040 _aARTS
_cARTS
_bhin
041 _2hin
_ahin
082 _aMD525:N1, 152K9
100 _aबार्नबी, कैनेथ सी 0
_9162256
245 0 _aमूल नौ शिल्प विद्या, बनवारी लालशर्मा अनु
246 _aMūl nau shilpa vidyā, banavārī lālasharmā anu0
260 _c1969
942 _hMD525:N1, 152K9
_cTEXL
_2CC
999 _c306922
_d306922